000 00343nam a2200133Ia 4500
008 100328s9999 xx 000 0 und d
082 _b69312
100 _aवाळिंबे शरदचंद्र.
245 _aरोजा.
260 _bयोगिता.
630 _aरोजा.
730 _aरोजा.
942 _cBOOK
999 _c555043
_d555040